| 000 | 01067nam a22003257a 4500 | ||
|---|---|---|---|
| 001 | 0074 | ||
| 003 | DO-SdBNP | ||
| 005 | 20180131132820.0 | ||
| 007 | 0074 | ||
| 008 | 151008b sp 1991 sp 00| 0 spa d | ||
| 020 | _a842724925X | ||
| 040 |
_aBPMSU _bspa _cBPMSU |
||
| 082 | 4 |
_a813 _bA676m |
|
| 100 | 1 | 0 |
_aArden, Willian _d1924-2005 |
| 245 | 1 | 0 |
_aMisterio del diablo danzante / _cWillian Arden ; traducción Ramón Margalef Llambrich ; ilustración R. Escolano |
| 260 |
_aBarcelona : _bMolino, _c1984 |
||
| 300 |
_a173 p. : _bil., _c20 cm. |
||
| 490 | 1 |
_aAlfred Hitchcock y los tres investigadores _v; 25 |
|
| 650 | _aNOVELA POLICÍACA INGLESA | ||
| 650 | 4 | _aLITERATURA POLICÍACA INGLESA | |
| 650 | 4 | _aLITERATURA JUVENIL INGLESA | |
| 700 | 1 | 0 |
_aMagalef Llambrich, Ramón, _etr. |
| 700 | 1 | 0 |
_aHitchcock, Alfred _epról. |
| 700 | 1 | 0 |
_aEscolano, R., _eil. |
| 830 | 0 |
_aAlfred Hitchcock y los tres investigadores _n; 25 |
|
| 942 |
_2ddc _cBK |
||
| 945 | _aInventariado, 2018/ YL | ||
| 956 | _aBrenda Tavárez | ||
| 956 | _aValidado. Control de calidad MFF | ||
| 999 |
_c8347 _d8347 |
||